000 00635pam a2200217 a 4500
005 20131021093407.0
008 960412s1996 nyuab b 001 0 eng
020 _a0312107927
041 0 _aeng
080 _a323.1
100 1 _aBell, Andrew
_q(Andrew Villen)
245 1 0 _aEthnic cleansing /
_cAndrew Bell-Fialkoff.
250 _a1st. ed.
260 _aNew York :
_bSt. Martin's Press,
_c1996.
300 _a346 p. :
_bill., maps ;
_c22 cm.
504 _aIncludes bibliographical references (p. [289]-332) and index.
650 0 _aPolitika e brendshme
650 0 _aMigrimi
650 0 _aLëvizjet kombëtare
942 _2udc
_cBK
999 _c147
_d147